| 000 | 00815nam a22002897a 4500 | ||
|---|---|---|---|
| 001 | BR8105293 | ||
| 003 | BR-BrBNA | ||
| 005 | 20230928091034.0 | ||
| 007 | ta | ||
| 008 | 230509b bl.||||| |||| 00| 0 por d | ||
| 040 |
_aBR-BrBNA _bpor _cBiblioteca Nacional de Agricultura |
||
| 041 | _a(Por) | ||
| 072 |
_aE50 _b/G514 |
||
| 090 | _ E50 BR8105293 | ||
| 110 | 1 |
_aMinisterio do Interior, Brasilia, DF (Brasil). Coordenadoria de Documentacao _97115 |
|
| 245 | 1 | _aBibliografia de migracoes internas [Brasil] | |
| 260 | 3 |
_aBrasilia, DF (Brasil): _c1981. |
|
| 300 | _a342 p. | ||
| 650 | _aMIGRACAO RURAL | ||
| 650 | _aMAO-DE-OBRA | ||
| 650 | _aMERCADO DE TRABALHO | ||
| 650 | _aCOLONIZACAO | ||
| 650 | _aASSISTENCIA SOCIAL | ||
| 650 | _aDEMOGRAFIA | ||
| 909 |
_a202309 _bLucia _c55 _dLucia Elande |
||
| 942 | _cBK | ||
| 999 |
_c31891 _d31891 |
||